000 00642nam a22002057a 4500
999 _c58109
_d58109
005 20210617125944.0
008 210617s2016 enk||||| |||| 00| 0 eng d
020 _a9781539368137
041 _aeng
080 _a376 C-59
100 _aClarke, R J
_912066
245 _aLearn Braille:
_bUncontracted (Grade 1) & Contracted (Grade 2) /
_c R. J. Clarke.
264 _aMonee,
_c2016.
300 _a89 p.
_b21 cm.
653 _aსწავლა ბრაილის შრიფტით
653 _aУчите шрифт Брайля
653 _aპედაგოგიკა
653 _aПедагогика
942 _2udc
_cBK